[Event "San Sebastian Mendez Memorial 2nd"]
[Site "San Sebastian del Pepino"]
[Date "2015.01.15"]
[Round "2"]
[White "Izuzquiza Gonzalez, Javier"]
[Black "Soto Gonzalez, Ismael R"]
[Result "1-0"]
[WhiteElo "2036"]
[BlackElo "1780"]
[PlyCount "41"]
[EventDate "2015.01.14"]
[EventType "swiss"]
[EventRounds "9"]
[EventCountry "PUR"]
[SourceTitle "EXT 2016"]
[Source "ChessBase"]
[SourceDate "2015.10.08"]
[SourceVersion "1"]
[SourceVersionDate "2015.10.08"]
[SourceQuality "1"]

1. d4 d5 2. c4 Nf6 3. cxd5 Qxd5 4. Nc3 Qa5 5. Bd2 c6 6. Nf3 Qc7 7. Rc1 e6 8. e4 a6 9. Bd3 Bb4 10. 0-0 Nbd7 11. Re1 0-0 12. e5 Bxc3 13. Rxc3 Nd5 14. Bxh7+ Kxh7 15. Ng5+ Kg6 16. Rh3 N7f6 17. Qc2+ Ne4 18. Qxe4+ f5 19. Qh4 Nf6 20. exf6 Kxf6 21. Nxe6+ 1-0